00598 2200229 4500001002100000005001700021008004100038020001800079035002500097040001200122082000800134090001700142100002500159245005100184250001100235260003100246300003100277650001600308850001200324990001600336990001600352YOGYA-0209000003568520150527085147.0 ind  a979-413-495-3 a0010-020900000035685 aYOPDYOG a131 aT 131bWid S aWidarso, Wishnubroto a10 kiat menjadi bahagiac/ Wishnubroto Widarso aCet. 7 aYogyakartabKanisiusc1999 a71 hlm. :bilus. ;c19 cm. aKebahagiaan aYOPDYOG a3281-P/2000 a3282-P/2000